| 000 | 00944cam a22002653a 4500 | ||
|---|---|---|---|
| 001 | 9629 | ||
| 003 | PGUSA | ||
| 005 | 20140828083214.0 | ||
| 008 | 060101s2006||||xxu|||||s|||||000 | eng d | ||
| 040 |
_aPGUSA _beng |
||
| 042 | _adc | ||
| 050 | 4 | _aPR | |
| 100 | 1 |
_aJames, M. R. _q(Montague Rhodes), _d1862-1936 |
|
| 245 | 1 | 0 |
_aGhost Stories of an Antiquary Part 2 : _bMore Ghost Stories _h[electronic resource] / _cM. R. James |
| 260 |
_bProject Gutenberg, _c2006 |
||
| 505 | 0 | _aA school story -- The rose garden -- The tractate Middoth -- Casting the runes -- The stalls of Barchester Cathedral -- Martin's Close -- Mr. Humphreys and his inheritance. | |
| 506 | _aPublic domain in the USA. | ||
| 516 | _aElectronic text | ||
| 653 | _aShort stories, English | ||
| 653 | _aGhost stories, English | ||
| 653 | _aHorror tales, English | ||
| 830 | 0 |
_aProject Gutenberg _v9629 |
|
| 856 | 4 | 0 | _uhttp://www.gutenberg.org/ebooks/9629 |
| 942 | _cEB | ||
| 999 |
_c238885 _d238885 |
||